Electronics: analog and Digital / (Record no. 181545)
[ view plain ]
| 000 -LEADER | |
|---|---|
| fixed length control field | 00973 a2200181 4500 |
| 003 - CONTROL NUMBER IDENTIFIER | |
| control field | Nust |
| 005 - DATE AND TIME OF LATEST TRANSACTION | |
| control field | 20221121183957.0 |
| 020 ## - INTERNATIONAL STANDARD BOOK NUMBER | |
| International Standard Book Number | 8120314913 |
| 040 ## - CATALOGING SOURCE | |
| Transcribing agency | Nust |
| 082 ## - DEWEY DECIMAL CLASSIFICATION NUMBER | |
| Classification number | 621.381,NAG |
| 100 ## - MAIN ENTRY--PERSONAL NAME | |
| Personal name | Nagrath, I. J. |
| 9 (RLIN) | 61586 |
| 245 ## - TITLE STATEMENT | |
| Title | Electronics: analog and Digital / |
| Statement of responsibility, etc. | I. J. Nagrath |
| 260 ## - PUBLICATION, DISTRIBUTION, ETC. | |
| Place of publication, distribution, etc. | Prentice-Hall |
| Name of publisher, distributor, etc. | India |
| Date of publication, distribution, etc. | 1999 |
| 300 ## - PHYSICAL DESCRIPTION | |
| Extent | viii, 735 p. |
| Other physical details | illus |
| Dimensions | 24 cm |
| 505 ## - FORMATTED CONTENTS NOTE | |
| Formatted contents note | Semiconductors, Diodes and Circuits (Page-1), Transistors and Integrated Circuits (Page-91), Small-Signal Models, amplification and Biasing (Page-158), Small-signal Amplifiers – Frequency Response (Page-243), Large-signal Amplifiers (Page-319), Feedback Amplifiers and Oscillators (Page-367),Operational Amplifiers (Page-407), Digital Logic and Circuits (Page-468), Boolean Algebra and Combinational Circuits (Page-533), Sequential Circuits and Systems (Page-593), Multivibrators and Swathing Regulators (Page-663). |
| 650 ## - SUBJECT ADDED ENTRY--TOPICAL TERM | |
| Topical term or geographic name entry element | Telecommunication Engineering |
| 942 ## - ADDED ENTRY ELEMENTS (KOHA) | |
| Source of classification or shelving scheme | |
| Koha item type | Book |
| Withdrawn status | Lost status | Source of classification or shelving scheme | Damaged status | Not for loan | Permanent Location | Current Location | Shelving location | Date acquired | Full call number | Barcode | Date last seen | Price effective from | Koha item type | Public note |
|---|---|---|---|---|---|---|---|---|---|---|---|---|---|---|
| Military College of Signals (MCS) | Military College of Signals (MCS) | General Stacks | 12/12/2016 | 621.381,NAG | MCS28515 | 12/08/2016 | 12/12/2016 | Book | Almirah No.31, Shelf No.4 | |||||
| Military College of Signals (MCS) | Military College of Signals (MCS) | General Stacks | 12/12/2016 | 621.381,NAG | MCS28534 | 12/08/2016 | 12/12/2016 | Book | Almirah No.31, Shelf No.4 |
